000 00493nam a2200193Ia 4500
005 20250317130645.0
008 008 250317s9999 xx 000 0 eng d
037 _aTextbook
040 _aFMSL
_beng
_cFMSL
041 _aeng
_2eng
084 _qFMSL
100 _aDatt R
_9736763
245 0 _aIndian economy
250 _aEd 33
260 _aNew Delhi
_bNew Delhi, S. Chand & Co.
_c1995
300 _a862p
942 _cTB
999 _c1264715
_d1264715